00000000nam##2200000za#4500
0019.622651
003CaOODSP
00520200327172722
007ta
008150406|1994||||xxc|||||     f|0| 0 fre|d
022 |a1191-7237
040 |aCaOODSP|bfre
043 |an-cn---
0861 |aNM95-57/1-5-1994F
1101 |aCanada.|bPatrimoine canadien. |bInstitut canadien de conservation.
24510|aPose des numéros d'enregistrement sur les peintures et les sculptures
260 |aOttawa - Ontario : |bPatrimoine canadien. |c1994.
300 |a2p. ; |c28 cm.
4901 |aNotes de l'ICC |x1191-7237|v1/5
563 |aFeuilles mobiles
69107|aMusée|2gcpds
7760#|tPose des numéros d'enregistrement sur les peintures et les sculptures |w(CaOODSP)9.600888
830#0|aNotes de l'ICC,|x1191-7237|v1/5|w(CaOODSP)9.513183